000 00606nam a2200217Ia 4500
005 20250508164656.0
008 008 250505s9999 xx 000 0 eng d
020 _a0-7494-2087-1
037 _aTextual
040 _aFEDL
_beng
_cFEDL
041 _aeng
_2eng
084 _a305.4, IRA
_qFEDL
100 _aIralu Easterine
_9778837
245 0 _aTerrible matriarchy: A novel
260 _aNew Delhi, India
_bZubaan: An Imprint of Kali for Women
_c2007
300 _a314p.
365 _aINR
_b295
650 _aGender studies
942 _cTEXL
_h305.4, IRA
999 _c1390489
_d1390489